书目信息 |
| 题名: |
英汉物理学词汇
|
|
| 作者: | ;物理学词汇编辑小组 编订 | |
| 分册: | ||
| 出版信息: | 北京 科学出版社 1975 |
|
| 页数: | 388页 | |
| 开本: | 19cm | |
| 丛书名: | ||
| 单 册: | ||
| 中图分类: | O4-61 | |
| 科图分类: | ||
| 主题词: | 物理学--词典--英、汉 | |
| 电子资源: | ||
| ISBN: | ||
| 000 | 00690nam0 2200241 45 | |
| 001 | 0175002984 | |
| 005 | 20031214003758.2 | |
| 010 | @b精装@dCNY3.10 | |
| 091 | @a17031.35 | |
| 100 | @a19951011d1975 em y0chiy0121 ea | |
| 101 | 0 | @achi |
| 102 | @aCN@b110000 | |
| 105 | @ay e 000yy | |
| 106 | @ar | |
| 200 | 10 | @a英汉物理学词汇@Aying han wu li xue ci hui@f《物理学词汇》编辑小组编订 |
| 210 | @a北京@c科学出版社@d1975 | |
| 215 | @a388页@d19cm | |
| 606 | @a物理学@x词典@x英、汉 | |
| 690 | @aO4-61@v3 | |
| 711 | 02 | @a物理学词汇编辑小组@Awu li xue ci hui bian ji xiao zu@4编订 |
| 801 | 0 | @aCN@b广东省中山图书馆@c20031214 |
| 801 | 2 | @aCN@bNLC@c20031214 |
| 905 | @f1@b244498@dO4-61@e112 | |
| 英汉物理学词汇/《物理学词汇》编辑小组编订.-北京:科学出版社,1975 |
| 388页;19cm |
| ISBN (精装):CNY3.10 |
| ● |
| 相关链接 |
|
|
|
|
正题名:英汉物理学词汇
索取号:O4-61/112
 
预约/预借
| 序号 | 登录号 | 条形码 | 馆藏地/架位号 | 状态 | 备注 |
| 1 | 0244497 | 202099077 | 第二样本阅览室/ [索取号:O4-61/112] | 在馆 | |
| 2 | 0244498 | 001862639 | 密集书库/ [索取号:O4-61/112] | 在馆 |